| 000 | 00788nam a2200265Ia 4500 | ||
|---|---|---|---|
| 003 | OSt | ||
| 005 | 20221005093628.0 | ||
| 006 | a|||||r|||| 00| 0 | ||
| 007 | ta | ||
| 008 | 221004b |||||||| |||| 00| 0 ara d | ||
| 020 | _c2500.00 | ||
| 024 | _a20961 | ||
| 037 |
_b962, 12/03/2015, Nadwi Publications _cTextual |
||
| 040 |
_aCRL _cCRL _bara |
||
| 041 |
_2ara _aara |
||
| 082 | _aP111:3, 28P9 | ||
| 100 |
_aJagimi Ahmad Ismail Au. _9618635 |
||
| 245 | 0 | _aAllugata al injaliziyah | |
| 260 |
_aOman _bAcademic Book Center Arab _c2011 |
||
| 300 |
_a321p. _ccm. |
||
| 650 | _a LINGUISTICS | ||
| 650 |
_aARABIC LANGUAGE _931794 |
||
| 942 |
_hP111:3, 28P9 _cTEXL _2cc |
||
| 999 |
_c1000756 _d1000756 |
||